Statistics for Olympique de Marseille Squad 2014-2015

Click here to take the quiz!

General Stats

  • This quiz has been taken 111 times
    (89 since last reset)
  • The average score is 14 of 25

Answer Stats

Nbr Post Nationality Player % Correct
30GKFranceSteve Mandanda
96%
9FWFranceAndré-Pierre Gignac
89%
10FWGhanaAndré Ayew
88%
3DFCameroonNicolas N'Koulou
82%
14MFFranceFlorian Thauvin
82%
17FWFranceDimitri Payet
81%
16GKCongoBrice Samba
72%
7MFArgentinaLucas Ocampos
72%
22FWBelgiumMichy Batshuayi
72%
27MFMoroccoAbdelaziz Barrada
66%
23DFFranceBenjamin Mendy
64%
26DFIvory CoastBrice Dja Djédjé
61%
24DFFranceRod Fanni
58%
20MFTogoAlaixys Romao
57%
15DFFranceJérémy Morel
57%
11MFFranceRomain Alessandrini
54%
25MFFranceGiannelli Imbula
53%
18DFNew ZealandBill Tuiloma
45%
8MFFranceMario Lemina
43%
5DFFranceStéphane Sparagna
38%
2DFFranceBaptiste Aloé
35%
40GKFranceJulien Fabri
22%
29FWFranceJérémie Porsan-Clemente
15%
12DFFranceGaël Andonian
11%
33DFFranceAlphoussey Sané
4%

Score Distribution

Percentile by Number Answered

Percent of People with Each Score

Your Score History

You have not taken this quiz since the last reset